ARRUPE JESUIT UNIVERSITY

CORONAVIRUS -STOP THE SPREAD - CLEAN,DISINFECT,COVER

Jeremiah, Lamentations / (Record no. 122003)

MARC details
000 -LEADER
fixed length control field 01265cam a2200313 a 4500
001 - CONTROL NUMBER
control field 15004347
003 - CONTROL NUMBER IDENTIFIER
control field ARRUPE
005 - DATE AND TIME OF LATEST TRANSACTION
control field 20150307020006.0
008 - FIXED-LENGTH DATA ELEMENTS--GENERAL INFORMATION
fixed length control field 070912s2008 mau b 001 0 eng
010 ## - LIBRARY OF CONGRESS CONTROL NUMBER
LC control number 2007037715
020 ## - INTERNATIONAL STANDARD BOOK NUMBER
International Standard Book Number 9781565632240 (pbk. : alk. paper)
020 ## - INTERNATIONAL STANDARD BOOK NUMBER
International Standard Book Number 1565632249 (pbk. : alk. paper)
035 ## - SYSTEM CONTROL NUMBER
System control number (OCoLC)ocn173135912
035 ## - SYSTEM CONTROL NUMBER
System control number (OCoLC)173135912
040 ## - CATALOGING SOURCE
Original cataloging agency DLC
Transcribing agency DLC
Modifying agency BAKER
-- BTCTA
-- C#P
-- BWX
-- YDXCP
-- DLC
050 00 - LIBRARY OF CONGRESS CALL NUMBER
Classification number BS1525.53
Item number .L66 2008
082 00 - DEWEY DECIMAL CLASSIFICATION NUMBER
Classification number 224/.207
Edition number 22
300 ## - PHYSICAL DESCRIPTION
Dimensions 22 cm.
100 1# - MAIN ENTRY--PERSONAL NAME
Personal name Longman, Tremper.
9 (RLIN) 14983
245 10 - TITLE STATEMENT
Title Jeremiah, Lamentations /
Statement of responsibility, etc Tremper Longman III.
260 ## - PUBLICATION, DISTRIBUTION, ETC. (IMPRINT)
Place of publication, distribution, etc Peabody, Mass. :
Name of publisher, distributor, etc Hendrickson Publishers ;
Place of publication, distribution, etc Milton Keynes, UK :
Name of publisher, distributor, etc Paternoster Press,
Date of publication, distribution, etc 2008.
300 ## - PHYSICAL DESCRIPTION
Extent xvi, 412 p. ;
440 #0 - SERIES STATEMENT/ADDED ENTRY--TITLE
Title New International biblical commentary.
Name of part/section of a work Old Testament series ;
Volume number/sequential designation 14
9 (RLIN) 14984
504 ## - BIBLIOGRAPHY, ETC. NOTE
Bibliography, etc Includes bibliographical references (p. [395]-399) and indexes.
630 00 - SUBJECT ADDED ENTRY--UNIFORM TITLE
Uniform title Bible.
Name of part/section of a work Jeremiah
Form subdivision Commentaries.
9 (RLIN) 14985
630 00 - SUBJECT ADDED ENTRY--UNIFORM TITLE
Uniform title Bible.
Name of part/section of a work Lamentations
Form subdivision Commentaries.
9 (RLIN) 14986
906 ## - LOCAL DATA ELEMENT F, LDF (RLIN)
a 7
b cbc
c orignew
d 1
e ecip
f 20
g y-gencatlg
942 ## - ADDED ENTRY ELEMENTS (KOHA)
Source of classification or shelving scheme Library of Congress Classification
Koha item type Monograph ( Printed materials)
Koha issues (borrowed), all copies 1
Holdings
Withdrawn status Lost status Source of classification or shelving scheme Damaged status Not for loan Collection code Home library Current library Shelving location Date acquired Total Checkouts Full call number Barcode Date last seen Date checked out Price effective from Koha item type
    Library of Congress Classification     Main Collection ARRUPE LIBRARY ARRUPE LIBRARY Main Collection 09/02/2015 3 BS1525.53 .L66 2008 46500001084 28/02/2017 23/02/2017 09/02/2015 Monograph ( Printed materials)

 

Arrupe Library. PO Box MP320 Mt Pleasant, Harare, Zimbabwe
263 242 745411|librarian@aju.ac.zw